Interiors in the Era of Covid-19: Interior Design between the Public and Private Realms (Record no. 14117)

000 -LEADER
fixed length control field 00344nam a2200109Ia 4500
008 - FIXED-LENGTH DATA ELEMENTS--GENERAL INFORMATION
fixed length control field 260210s9999 xx 000 0 und d
020 ## - INTERNATIONAL STANDARD BOOK NUMBER
International Standard Book Number 9781350294219
100 ## - MAIN ENTRY--PERSONAL NAME
Personal name Penny Sparke
245 #0 - TITLE STATEMENT
Title Interiors in the Era of Covid-19: Interior Design between the Public and Private Realms
260 ## - PUBLICATION, DISTRIBUTION, ETC. (IMPRINT)
Name of publisher, distributor, etc Bloomsbury Visual Arts
Date of publication, distribution, etc 2023
942 ## - ADDED ENTRY ELEMENTS (KOHA)
Item type B.Design
Source of classification or shelving scheme
Holdings
Withdrawn status Lost status Source of classification or shelving scheme Damaged status Koha normalized classification for sorting Not for loan Permanent location Current location Shelving location Date acquired Full call number Barcode Date last seen Price effective from Koha item type
        747_000000000000000   BMS College of Architecture, Design and Planning BMS College of Architecture, Design and Planning General Stacks 2025-12-05 747 AR-UG5028 2026-02-10 2026-02-10 B.Design
Copyright © 2025, The Librarian, Library and Information Centre, BMSCA D&P, Bengaluru. All Rights Reserved
web counter

Powered by Koha